000 00462nam a2200193 a 4500
001 1765971515432
003 ACL
005 20251217171701.0
008 251217s1994##################000#0#eng##
020 _a9780812992465
082 0 4 _a641.5638
_bSCH
100 1 _aSchlesinger, Sarah,
_eauthor.
245 1 0 _a500 Fat Free Recipes :
260 _bVillard,
_c1994.
300 _a465 pages
650 0 _aCooking.
942 _cENGLISH
040 _aACL
_beng
_cACL
999 _c603088
_d603088